[Event "Peterborough 4NCL Easter U1700 op"]
[Site "Peterborough"]
[Date "2024.04.01"]
[Round "6"]
[White "Fisher, Neal"]
[Black "Sartain, Patrick"]
[Result "1-0"]
[WhiteElo "1694"]
[BlackElo "1642"]
[PlyCount "148"]
[EventDate "2024.03.29"]
[EventType "swiss"]
[EventRounds "7"]
[EventCountry "ENG"]
[SourceTitle "CB14_2024"]
[SourceDate "2024.04.01"]
[SourceVersion "1"]
[SourceVersionDate "2024.04.01"]
[SourceQuality "1"]

1. d4 d5 2. Bf4 f6 3. e3 Bf5 4. Nc3 e6 5. a3 a6 6. g4 Bg6 7. h4 Bd6 8. h5 Bf7 9. Qf3 Bxf4 10. Qxf4 g5 11. Qf3 h6 12. Bd3 Nc6 13. Nge2 Qd7 14. 0-0-0 0-0-0 15. e4 Kb8 16. exd5 exd5 17. Bf5 Qd6 18. Ng3 Nge7 19. Nce2 Rhe8 20. Kb1 Na5 21. Bd3 Nc4 22. Bf5 Qb6 23. Qc3 Nxf5 24. gxf5 Rd6 25. Qb4 Qxb4 26. axb4 Rb6 27. c3 Nd6 28. Nc1 Re7 29. Nd3 Ka7 30. Nc5 Be8 31. Rde1 Rxe1+ 32. Rxe1 Bb5 33. Re7 Ne4 34. Ngxe4 dxe4 35. Nxe4 Bd3+ 36. Kc1 Bxe4 37. Rxe4 Rb5 38. Re7 Rxf5 39. Rh7 Rxf2 40. Rxh6 Rh2 41. Rxf6 Rxh5 42. Rg6 Rh1+ 43. Kc2 Rh2+ 44. Kb3 Rg2 45. Kc4 b6 46. b3 Kb7 47. Rg7 Rg3 48. d5 Rg4+ 49. Kd3 Rg3+ 50. Kc2 Rg2+ 51. Kb1 Rg1+ 52. Kb2 Rg2+ 53. Ka3 Kc8 54. c4 g4 55. c5 bxc5 56. bxc5 Rd2 57. c6 Kd8 58. Rg8+ Ke7 59. Rg7+ Kd6 60. Rd7+ Kc5 61. Rxc7 Rxd5 62. Rg7 Kxc6 63. Rxg4 a5 64. Ka4 Kb6 65. Rg6+ Kb7 66. Re6 Rc5 67. Re7+ Kb6 68. Re8 Rc1 69. Re6+ Kc5 70. Re5+ Kb6 71. Rb5+ Ka6 72. Rxa5+ Kb7 73. Rb5+ Ka8 74. Kb4 Rc8 1-0

[Event "Hull 4NCL op-C"]
[Site "Hull"]
[Date "2023.09.10"]
[Round "4"]
[White "Milson, Neil"]
[Black "Fisher, Neal"]
[Result "0-1"]
[WhiteElo "1555"]
[BlackElo "1676"]
[PlyCount "34"]
[EventDate "2023.09.08"]
[EventType "swiss"]
[EventRounds "5"]
[EventCountry "ENG"]
[SourceTitle "EXT 2024"]
[Source "ChessBase"]
[SourceDate "2023.10.10"]
[SourceVersion "1"]
[SourceVersionDate "2023.10.10"]
[SourceQuality "1"]

1. e4 e5 2. Nf3 Nc6 3. Bb5 d6 4. d4 exd4 5. Nxd4 Bd7 6. Nxc6 bxc6 7. Bc4 Nf6 8. 0-0 Be7 9. Nc3 0-0 10. f4 Bg4 11. Be2 Bxe2 12. Qxe2 Qc8 13. f5 Nd7 14. Qf3 Ne5 15. Qg3 Bf6 16. Bg5 Qd8 17. Qf4 Bxg5 0-1

[Event "Harrogate 4NCL op-C 29th"]
[Site "Harrogate"]
[Date "2023.01.21"]
[Round "2"]
[White "Fisher, Neal"]
[Black "Butterworth, Brian"]
[Result "1-0"]
[WhiteElo "1669"]
[BlackElo "1564"]
[PlyCount "65"]
[EventDate "2023.01.20"]
[EventType "swiss"]
[EventRounds "5"]
[EventCountry "ENG"]
[SourceTitle "CBM 212 Extra"]
[Source "ChessBase"]
[SourceDate "2023.03.31"]
[SourceVersion "1"]
[SourceVersionDate "2023.03.31"]
[SourceQuality "1"]

1. Nf3 e6 2. d4 f5 3. e4 Nf6 4. e5 Ne4 5. c3 Be7 6. h4 d6 7. Bd3 Nc6 8. Qe2 d5 9. Bxe4 fxe4 10. Ng5 0-0 11. Qh5 Bxg5 12. hxg5 h6 13. gxh6 Qe8 14. hxg7 Qxh5 15. gxf8Q+ Kxf8 16. Rxh5 Ne7 17. Bg5 Ng8 18. Nd2 Bd7 19. 0-0-0 Be8 20. Rh7 Bf7 21. Rdh1 Re8 22. Rh8 b6 23. Nf1 Rc8 24. Kd2 c5 25. dxc5 bxc5 26. Bf6 d4 27. c4 Rb8 28. b3 Rb7 29. Ng3 e3+ 30. fxe3 Rd7 31. e4 d3 32. Nh5 Bxh5 33. R1xh5 1-0

[Event "Harrogate 4NCL op-B 27th"]
[Site "Harrogate"]
[Date "2022.01.21"]
[Round "1"]
[White "Fisher, Neal"]
[Black "Livesey, R Nigel"]
[Result "1/2-1/2"]
[WhiteElo "1700"]
[BlackElo "1851"]
[PlyCount "71"]
[EventDate "2022.01.21"]
[EventType "swiss"]
[EventRounds "5"]
[EventCountry "ENG"]
[SourceTitle "CBM 206 Extra"]
[Source "ChessBase"]
[SourceDate "2022.03.31"]
[SourceVersion "1"]
[SourceVersionDate "2022.03.31"]
[SourceQuality "1"]

1. d4 Nf6 2. Nf3 c5 3. Nc3 cxd4 4. Qxd4 Nc6 5. Qd1 g6 6. e4 Bg7 7. Bb5 0-0 8. 0-0 a6 9. Bxc6 bxc6 10. e5 Ng4 11. Bf4 Qa5 12. Re1 f6 13. exf6 exf6 14. Bd6 Rd8 15. Qd4 Nh6 16. Qc4+ Kh8 17. Qb3 Ra7 18. Re4 Rb7 19. Rb4 Rxb4 20. Qxb4 Qxb4 21. Bxb4 Re8 22. Re1 Rxe1+ 23. Nxe1 d5 24. Ne2 Kg8 25. Nd4 Bd7 26. Nd3 Nf5 27. Nxf5 Bxf5 28. Kf1 Bxd3+ 29. cxd3 Kf7 30. Ke2 Ke6 31. Bc5 f5 32. d4 Bh6 33. b3 Bc1 34. f3 Kf6 35. g3 f4 36. g4 1/2-1/2

[Event "Leamington Spa 4NCL op-B 26th"]
[Site "Leamington Spa"]
[Date "2021.09.11"]
[Round "3"]
[White "Arora, Tashika"]
[Black "Fisher, Neal"]
[Result "1-0"]
[WhiteElo "1840"]
[BlackElo "1507"]
[PlyCount "91"]
[EventDate "2021.09.10"]
[EventType "swiss"]
[EventRounds "5"]
[EventCountry "ENG"]
[SourceTitle "EXT 2023"]
[Source "ChessBase"]
[SourceDate "2022.10.05"]
[SourceVersion "1"]
[SourceVersionDate "2022.10.05"]
[SourceQuality "1"]

1. d4 Nf6 2. c4 d6 3. Nc3 c6 4. e4 Qc7 5. Nf3 e5 6. d5 Bg4 7. Be2 Bxf3 8. Bxf3 Nbd7 9. 0-0 h6 10. Be3 Be7 11. Rc1 Qb8 12. Qa4 c5 13. b4 b6 14. bxc5 bxc5 15. Rb1 Qc8 16. Qc6 a6 17. Na4 0-0 18. Rb7 Rb8 19. Rfb1 Rxb7 20. Rxb7 Re8 21. Qxa6 Qa8 22. Qb5 Rb8 23. Rxb8+ Nxb8 24. Nc3 Qa7 25. h3 Nbd7 26. a4 Bf8 27. Bd1 Nb8 28. a5 Na6 29. Qa4 Nb4 30. Nb5 Qc7 31. f3 Na6 32. Bd2 Qd7 33. Qa3 Qb7 34. Ba4 Nd7 35. f4 f6 36. Qg3 exf4 37. Bxf4 g5 38. Bxd6 Ne5 39. Bxf8 Kxf8 40. Qf2 Kg7 41. Nd6 Qb1+ 42. Kh2 Nd3 43. Ne8+ Kg6 44. Qxf6+ Kh5 45. Ng7+ Kh4 46. g3# 1-0

[Event "London Chess Classic: Blitz B"]
[Site "London"]
[Date "2019.12.08"]
[Round "4"]
[White "Caceres De la Calle, Eduardo"]
[Black "Fisher, Neal"]
[Result "0-1"]
[WhiteElo "1575"]
[BlackElo "1522"]
[PlyCount "82"]
[EventDate "2019.12.08"]
[EventType "swiss (blitz)"]
[EventRounds "11"]
[EventCountry "ENG"]
[SourceTitle "EXT 2021"]
[Source "ChessBase"]
[SourceDate "2020.10.23"]
[SourceVersion "1"]
[SourceVersionDate "2020.10.23"]
[SourceQuality "1"]

1. c4 e5 2. Nc3 d6 3. g3 c6 4. Bg2 Be7 5. e3 Nf6 6. Nge2 0-0 7. d3 Nbd7 8. 0-0 Re8 9. b3 Nf8 10. Bb2 Ng6 11. f4 Bd7 12. f5 Nf8 13. d4 Qc8 14. e4 g6 15. Bc1 gxf5 16. exf5 Bxf5 17. Bh6 Ng6 18. Kh1 Bh3 19. Ne4 Nxe4 20. Bxe4 Bxf1 21. Qxf1 Qd8 22. Qc1 Bf8 23. Bg5 Be7 24. Bh6 Bf6 25. Qe3 Bg7 26. Bg5 f6 27. Bh6 Qe7 28. Rf1 Bxh6 29. Qxh6 Qg7 30. Qd2 Rf8 31. h4 Rf7 32. h5 Ne7 33. Kh2 Kh8 34. Ng1 Rg8 35. Rf3 f5 36. Bc2 e4 37. Re3 Qg4 38. Bd1 Qg5 39. Kg2 f4 40. Re2 Qxg3+ 41. Kf1 Qxg1# 0-1

[Event "London Chess Classic: Blitz B"]
[Site "London"]
[Date "2019.12.08"]
[Round "2"]
[White "Fisher, Neal"]
[Black "Tombolis, Christopher"]
[Result "1/2-1/2"]
[WhiteElo "1522"]
[BlackElo "1655"]
[PlyCount "128"]
[EventDate "2019.12.08"]
[EventType "swiss (blitz)"]
[EventRounds "11"]
[EventCountry "ENG"]
[SourceTitle "EXT 2021"]
[Source "ChessBase"]
[SourceDate "2020.10.23"]
[SourceVersion "1"]
[SourceVersionDate "2020.10.23"]
[SourceQuality "1"]

1. d4 d5 2. Bf4 Nf6 3. Nf3 c5 4. e3 Nc6 5. c3 Qb6 6. Qb3 c4 7. Qc2 Bf5 8. Qc1 e6 9. Nbd2 Be7 10. Be2 0-0 11. Nh4 Bg6 12. Nxg6 hxg6 13. h4 Nh5 14. Bxh5 gxh5 15. Rh3 Qd8 16. Qd1 g6 17. Nf3 Bf6 18. Bg5 Bxg5 19. Nxg5 e5 20. g4 hxg4 21. Qxg4 Qc8 22. Qxc8 Raxc8 23. h5 gxh5 24. Rxh5 f6 25. Ne6 Rfe8 26. Nc5 b6 27. Na4 exd4 28. 0-0-0 Ne5 29. Rg1+ Kf7 30. cxd4 Nd3+ 31. Kd2 Rg8 32. Rh7+ Ke6 33. Rxg8 Rxg8 34. Rxa7 Rg2 35. Nc3 Rxf2+ 36. Ne2 Nxb2 37. Ra6 c3+ 38. Kxc3 Rxe2 39. Rxb6+ Kf5 40. Rxb2 Rxe3+ 41. Kb4 Rd3 42. Kc5 Ke4 43. Re2+ Kf3 44. Re6 Ra3 45. Rxf6+ Ke4 46. Re6+ Kf5 47. Re5+ Kf6 48. Rxd5 Rxa2 49. Kc4 Ke6 50. Rb5 Rc2+ 51. Kd3 Rc7 52. Re5+ Kd6 53. Rh5 Rg7 54. Rh6+ Kd5 55. Rh5+ Kd6 56. Kc4 Rc7+ 57. Kd3 Rg7 58. Rh6+ Kd5 59. Rh5+ Kd6 60. Rh6+ Kd5 61. Rh5+ Kd6 62. Ke4 Rg4+ 63. Kd3 Rg7 64. Rh6+ Kd5 1/2-1/2

[Event "London Chess Classic: Blitz B"]
[Site "London"]
[Date "2019.12.08"]
[Round "3"]
[White "Vaidya, Raghav"]
[Black "Fisher, Neal"]
[Result "1-0"]
[WhiteElo "1467"]
[BlackElo "1522"]
[PlyCount "115"]
[EventDate "2019.12.08"]
[EventType "swiss (blitz)"]
[EventRounds "11"]
[EventCountry "ENG"]
[SourceTitle "EXT 2021"]
[Source "ChessBase"]
[SourceDate "2020.10.23"]
[SourceVersion "1"]
[SourceVersionDate "2020.10.23"]
[SourceQuality "1"]

1. c4 e5 2. Nc3 d6 3. g3 c6 4. h3 Nf6 5. Bg2 Be6 6. d3 Qc7 7. e3 Be7 8. Nge2 0-0 9. 0-0 Qc8 10. Kh2 Nbd7 11. b3 Re8 12. Bb2 Nf8 13. d4 Ng6 14. d5 Bd7 15. dxc6 Bxc6 16. Bxc6 Qxc6 17. Nd5 Nxd5 18. cxd5 Qd7 19. e4 Rac8 20. Rc1 Rxc1 21. Qxc1 Rc8 22. Qd2 h6 23. Rc1 Rxc1 24. Qxc1 Bg5 25. f4 exf4 26. gxf4 Be7 27. Ng3 Bf6 28. Bxf6 gxf6 29. Qe3 b6 30. a4 Qe7 31. Nf5 Qf8 32. Kg3 Kh7 33. Qc3 Qd8 34. Qc6 Qg8 35. Kf3 Nf8 36. Qxd6 Ng6 37. Qxf6 Qf8 38. Nd6 h5 39. Qxf7+ Qxf7 40. Nxf7 Kg7 41. Nd6 Kf8 42. e5 Ke7 43. Ke4 Nh4 44. f5 Ng2 45. f6+ Kd7 46. Nc4 Nh4 47. e6+ Ke8 48. d6 Ng6 49. f7+ Kf8 50. Ne5 h4 51. Nxg6+ Kg7 52. f8Q+ Kxg6 53. e7 Kg5 54. e8Q b5 55. Qe5+ Kg6 56. Qff6+ Kh7 57. Qee7+ Kg8 58. Qff8# 1-0

[Event "Basingstoke Spring Bank op U1825 2nd"]
[Site "Basingstoke"]
[Date "2019.05.26"]
[Round "5.8"]
[White "Fisher, Neal"]
[Black "Piecha, Lukasz Marek"]
[Result "0-1"]
[WhiteElo "1444"]
[BlackElo "1727"]
[PlyCount "64"]
[EventDate "2019.05.24"]
[EventType "swiss"]
[EventRounds "7"]
[EventCountry "ENG"]
[SourceTitle "EXT 2023"]
[Source "ChessBase"]
[SourceDate "2022.10.05"]
[SourceVersion "1"]
[SourceVersionDate "2022.10.05"]
[SourceQuality "1"]

1. d4 g6 2. Bf4 Bg7 3. c3 Nf6 4. Nf3 0-0 5. Nbd2 d6 6. e3 Nbd7 7. Bg5 h6 8. Bh4 c5 9. Be2 g5 10. Bg3 Nh7 11. h4 g4 12. Nh2 f5 13. Bc4+ Kh8 14. Qb3 e5 15. dxe5 dxe5 16. f4 b5 17. Be6 c4 18. Qb4 Qb6 19. 0-0-0 Qxe6 20. e4 a5 21. Qxb5 Ba6 22. exf5 Rxf5 23. Qa4 Nc5 24. Qc2 Nd3+ 25. Kb1 Rb8 26. Ka1 Rxb2 27. Qa4 exf4 28. Nb1 fxg3 29. Nxg4 Rxb1+ 30. Rxb1 Bxc3+ 31. Rb2 Rb5 32. Qc2 Bxb2+ 0-1

[Event "Basingstoke Spring Bank op U1825 2nd"]
[Site "Basingstoke"]
[Date "2019.05.25"]
[Round "3.8"]
[White "Fisher, Neal"]
[Black "Ball, Matthew P"]
[Result "1-0"]
[WhiteElo "1444"]
[BlackElo "1652"]
[PlyCount "39"]
[EventDate "2019.05.24"]
[EventType "swiss"]
[EventRounds "7"]
[EventCountry "ENG"]
[SourceTitle "EXT 2023"]
[Source "ChessBase"]
[SourceDate "2022.10.05"]
[SourceVersion "1"]
[SourceVersionDate "2022.10.05"]
[SourceQuality "1"]

1. d4 d5 2. Bf4 Nf6 3. Nc3 c6 4. Nf3 Bf5 5. a3 e6 6. e3 Bd6 7. Ne5 Qc7 8. Bd3 Bxd3 9. cxd3 Nbd7 10. Nxd7 Nxd7 11. Bg3 Nf6 12. Rc1 e5 13. 0-0 exd4 14. Nb5 Qd7 15. Nxd6+ Ke7 16. exd4 Rag8 17. Qf3 Kd8 18. Nf5 Nh5 19. Qxh5 g6 20. Qg5+ 1-0

[Event "Harrogate 4NCL op-B 21st"]
[Site "Harrogate"]
[Date "2019.01.19"]
[Round "3"]
[White "Ormerod, Stephen"]
[Black "Fisher, Neal"]
[Result "1-0"]
[WhiteElo "1885"]
[BlackElo "1453"]
[PlyCount "107"]
[EventDate "2019.01.18"]
[EventType "swiss"]
[EventRounds "5"]
[EventCountry "ENG"]
[SourceTitle "CBM 188 Extra"]
[Source "ChessBase"]
[SourceDate "2019.02.26"]
[SourceVersion "1"]
[SourceVersionDate "2019.02.26"]
[SourceQuality "1"]

1. Nf3 d6 2. g3 Nf6 3. d3 e5 4. e4 Be7 5. Bg2 c6 6. 0-0 0-0 7. Nbd2 Bg4 8. b3 Nbd7 9. Bb2 c5 10. Nc4 Qc7 11. Ne3 Be6 12. Re1 b5 13. c4 b4 14. Ng5 h6 15. Nxe6 fxe6 16. Bh3 Nb6 17. Bxe6+ Kh8 18. Qd2 Nh7 19. f4 Rf6 20. Bd5 Raf8 21. f5 Ng5 22. Qg2 h5 23. Rf1 Rh6 24. h4 Nh7 25. Rf2 Nf6 26. Bc1 Rh7 27. a3 a5 28. axb4 axb4 29. Rfa2 Nbxd5 30. Nxd5 Nxd5 31. cxd5 Qb6 32. Be3 Qb5 33. Qd2 Kg8 34. Ra5 Qe8 35. Bg5 Bxg5 36. hxg5 h4 37. g4 h3 38. Kh2 g6 39. Ra7 gxf5 40. Rxh7 Kxh7 41. gxf5 Qh5 42. Ra7+ Kg8 43. Rd7 Ra8 44. Rxd6 Ra1 45. Rg6+ Kf7 46. Rf6+ Kg8 47. Qf2 Qg4 48. Rg6+ Kf7 49. Rf6+ Kg7 50. Rh6 Re1 51. f6+ Kf7 52. g6+ Kg8 53. f7+ Kf8 54. Qxc5+ 1-0

[Event "Harrogate 4NCL op-B 21st"]
[Site "Harrogate"]
[Date "2019.01.18"]
[Round "1"]
[White "Livesey, R Nigel"]
[Black "Fisher, Neal"]
[Result "1-0"]
[WhiteElo "1797"]
[BlackElo "1453"]
[PlyCount "96"]
[EventDate "2019.01.18"]
[EventType "swiss"]
[EventRounds "5"]
[EventCountry "ENG"]
[SourceTitle "CBM 188 Extra"]
[Source "ChessBase"]
[SourceDate "2019.02.26"]
[SourceVersion "1"]
[SourceVersionDate "2019.02.26"]
[SourceQuality "1"]

1. c4 e5 2. g3 c6 3. d4 exd4 4. Qxd4 Nf6 5. Bg2 Be7 6. Nc3 0-0 7. e4 d6 8. Nge2 Be6 9. Nf4 Na6 10. 0-0 Bg4 11. h3 Bd7 12. b3 h6 13. Ba3 Be6 14. Rad1 c5 15. Qe3 Qb6 16. e5 dxe5 17. Qxe5 Rab8 18. Na4 Qc7 19. Qxc7 Nxc7 20. Bxc5 Bxc5 21. Nxc5 Bc8 22. Rfe1 b6 23. Re7 Nfe8 24. Nd7 Bxd7 25. Rdxd7 a5 26. Bd5 Nxd5 27. Nxd5 Nf6 28. Nxf6+ gxf6 29. Kg2 Rbc8 30. Rd6 Rb8 31. Rxf6 Kg7 32. Rd6 b5 33. c5 Rfc8 34. Rb6 Rxb6 35. cxb6 Rb8 36. b7 Kf6 37. Rc7 Ke6 38. Kf3 h5 39. h4 f6 40. Kf4 Kd6 41. Rh7 Ke6 42. f3 a4 43. g4 hxg4 44. fxg4 axb3 45. axb3 Kd5 46. Kf5 Kc5 47. Kxf6 Kb4 48. g5 Kxb3 1-0

[Event "London Chess Classic op 10th"]
[Site "London"]
[Date "2018.12.12"]
[Round "4"]
[White "Fisher, Neal"]
[Black "Pradhan, Abhishek"]
[Result "1/2-1/2"]
[WhiteElo "1434"]
[BlackElo "1637"]
[PlyCount "110"]
[EventDate "2018.12.09"]
[EventType "swiss"]
[EventRounds "5"]
[EventCountry "ENG"]
[SourceTitle "EXT 2021"]
[Source "ChessBase"]
[SourceDate "2020.10.23"]
[SourceVersion "1"]
[SourceVersionDate "2020.10.23"]
[SourceQuality "1"]

1. d4 e6 2. Bf4 f5 3. Nf3 Nf6 4. c3 Be7 5. e3 d6 6. Nbd2 0-0 7. Qc2 Qe8 8. a4 a6 9. h3 Nbd7 10. a5 b5 11. Ng5 Bd8 12. Qb3 Nd5 13. h4 h6 14. Ngf3 Nxf4 15. exf4 Rb8 16. Qc2 Bb7 17. Be2 c5 18. Rg1 Nf6 19. g3 Bc7 20. dxc5 dxc5 21. Ne5 Rd8 22. b4 cxb4 23. cxb4 Bd6 24. Nd3 Qe7 25. Rb1 Ne4 26. Qb2 Rc8 27. Nxe4 Bxe4 28. f3 Bd5 29. Kf2 Rc4 30. Rgc1 Rfc8 31. Ne5 Rxc1 32. Rxc1 Rxc1 33. Qxc1 Qa7+ 34. Kg2 Bxb4 35. Qc8+ Kh7 36. Qe8 Qe7 37. Qg6+ Kg8 38. g4 Bxa5 39. g5 hxg5 40. hxg5 Bc7 41. Qh5 Bxe5 42. fxe5 Kf8 43. Qh8+ Kf7 44. Qh5+ g6 45. Qh7+ Ke8 46. Qxg6+ Kd7 47. Kg3 Bc4 48. Bd1 a5 49. Qh6 a4 50. g6 a3 51. Qd2+ Kc6 52. f4 a2 53. Qc3 Qg7 54. Bf3+ Kb6 55. Qd4+ Ka5 1/2-1/2